| 000 | 01863cam a22003731i 4500 | ||
|---|---|---|---|
| 003 | SA-RiAUC | ||
| 005 | 20241230142224.0 | ||
| 008 | 241228s1999 su a g b f011 0 ara c | ||
| 020 | _a9960034364 | ||
| 040 |
_aSA-RiAUC _bara _cSA-RiAUC _erda |
||
| 043 | _aa-su--- | ||
| 050 | 4 | _b.H37 1999 | |
| 082 | 0 | 4 |
_a333.91009531 _qSA-RiAUC |
| 090 |
_a333.91009531 _b ح ر ب |
||
| 100 | 1 |
_aالحربي، خالد بن مسلم بن معوض الرحيلي، _d1388 هجري- _eمؤلف. |
|
| 245 | 1 | 0 |
_aمصادر المياه بمنطقة وادي الليث : _bدراسة في جغرافية الموارد / _cإعداد خالد بن مسلم بن معوض الرحيلي الحربي. |
| 250 | _aالطبعة الأولى. | ||
| 264 | 1 |
_aجدة، السعودية ؛ _aمكة المكرمة : _bجامعة أم القرى، معهد البحوث العلمية، _c1999 |
|
| 300 |
_a240 صفحة : _bإيضاحيات ؛ _c24 سم. |
||
| 336 |
_aنص _btxt _2rdacontent _3كتاب |
||
| 337 |
_aبدون وسيط _bn _2rdamedia |
||
| 338 |
_aمجلد _bnc _2rdacarrier |
||
| 490 | 0 |
_aسلسلة مشروع وزارة التعليم العالي لنشر ألف رسالة علمية ؛ _v6 |
|
| 500 | _aصدرت بمناسبة مرور مائة عام على تأسيس المملكة العربية السعودية. | ||
| 500 | _aالأصل أطروحة ماجستير-جامعة أم القرى. | ||
| 500 | _aيشتمل على كشافات. | ||
| 504 | _aببليوجرافية : صفحة 216-229. | ||
| 525 | _aيشتمل على ملاحق. | ||
| 650 | 7 |
_aمصادر المياه _vالسعودية _zوادي الليث _2aucsh |
|
| 650 | 7 |
_aالمياه الجوفية _zالسعودية _zوادي الليث _2aucsh |
|
| 650 | 7 |
_aمصادر المياه _2aucsh |
|
| 942 |
_2ddc _cBOOK _n0 |
||
| 949 |
_aSA-JeALM _d241228 _umohamedma123 _n1 |
||
| 999 |
_c4137 _d4137 |
||